Darkest Hours - Entities - Statistics

General Stats
  • This quiz has been taken 28 times
  • The average score is 31 of 61
Answer Stats
Picture Hint Answer % Correct
Agony
100%
Angry Munci
100%
Baldi
100%
Bob
100%
Bullseye
100%
Eyemaster
100%
Group Name GHOSTS
100%
Grappler
100%
Guesty
100%
Guttertank
100%
King
100%
Kolossos
100%
Group Name Mafia
100%
RED44
100%
Renderman
100%
Siren
100%
Sprintbear
100%
Telefragger
100%
Alex
50%
Group Name Brute Twins
50%
Coalcart
50%
Defect
50%
Group Name DOOM.exe
50%
Eyeless
50%
Freddybear
50%
Group Name Freddybear Band
50%
Funboiler
50%
Fuwatty
50%
Guidance
50%
Gundog
50%
Klave
50%
Kleve
50%
Lita
50%
Milkwalker
50%
Mimic
50%
Newborn
50%
Group Name Newborns
50%
Spawn
50%
Streamer
50%
TheEntity
50%
The Founder
50%
The Gunner
50%
Trollge
50%
Wanderer
50%
Blindy
0%
Boppin' Bonnie
0%
Britalian
0%
Cluckin' Chica
0%
Debt Collector
0%
Eunoia's Right Hand
0%
Fiesty Fox
0%
Happy Train
0%
Killer Sun
0%
Lockdown
0%
Made Man
0%
Mr. Nightmare
0%
Old One
0%
Screamy
0%
Slendy
0%
Squire
0%
Thornwalker
0%
No matching quizzes found
Score Distribution
Percent of People with Each Score
Percentile by Number Answered
Your Score History
You have not taken this quiz